| 000 | 01169nam a2200229Ia 4500 | ||
|---|---|---|---|
| 003 | Ost | ||
| 005 | 20260507074846.0 | ||
| 008 | 260507s9999||||xx |||||||||||||| ||und|| | ||
| 020 | _a9789931606475 | ||
| 040 | _cfsecg | ||
| 041 | _aara | ||
| 082 | _a338.5 | ||
| 100 |
_aطويطي، مصطفى _eمؤلف |
||
| 245 | 0 |
_a الإقتصاد الجزئي : _bتحليل نظري وتطبيقي / _c مصطفى طويطي |
|
| 260 |
_aتلمسان: _bالمكتب الجامعي الحديث, _c2017 |
||
| 300 |
_a356 صفحة؛ _bإيضاحات ؛ _c24 سم |
||
| 504 | _aببليوغرافيا: ص.355-356 | ||
| 520 | _aيضم مفاهيم النظرية الإقتصادية، نظرية الطلب، نظرية العرض، المرونات، نظرية توازن السوق، نظرية سلوك المستهلك الكلاسيكية"المنفعة القياسية"، نظرية سلوك المستهلك الحديثة"االمنفعة الترتيبية" مع بعض من مواضيع امتحان مختارة مع حلولها النموذجية | ||
| 653 | _aالإقتصاد الجزئي | ||
| 653 | _aالإقتصاد-نظريات | ||
| 942 | _cكتاب | ||
| 999 |
_c41536 _d41536 |
||